The heart in winter : a novel /

"A love story about outlaws in a community of Irish workers in Montana"--

Bibliographic Details
Main Author: Barry, Kevin, 1969- (Author)
Format: Book
Language:English
Published: New York : Doubleday, [2024]
Edition:First American edition.
Subjects:

MARC

Tag First Indicator Second Indicator Subfields
LEADER 00000cam a2200000 i 4500
001 in00004801613
008 230728s2024 nyu e 000 f eng
005 20240802170004.2
010 |a  2023030844 
035 |a (OCoLC)on1393093202 
040 |a DLC  |b eng  |e rda  |c DLC  |d YDX  |d BDX  |d OCLCO  |d OCLCF  |d OCLCO  |d LJW  |d IUO  |d MWD  |d OCLCO  |d RNL  |d OCLCO  |d IMT  |d YDX  |d OCLCO  |d YU6 
019 |a 1442331993  |a 1445421926 
020 |a 9780385550598  |q hardcover 
020 |a 0385550596  |q hardcover 
020 |z 9780385550604  |q electronic book 
020 |z 9781039010765  |q electronic book 
035 |a (OCoLC)1393093202  |z (OCoLC)1442331993  |z (OCoLC)1445421926 
042 |a pcc 
043 |a n-us-mt 
050 0 0 |a PR6102.A7833  |b H43 2024 
082 0 0 |a 823/.92  |2 23/eng/2020728 
100 1 |a Barry, Kevin,  |d 1969-  |e author.  |1 https://id.oclc.org/worldcat/entity/E39PBJr83rpjdTVqXtKpHCMXVC 
245 1 4 |a The heart in winter :  |b a novel /  |c Kevin Barry. 
250 |a First American edition. 
264 1 |a New York :  |b Doubleday,  |c [2024] 
300 |a 243 pages ;  |c 20 cm 
336 |a text  |b txt  |2 rdacontent 
337 |a unmediated  |b n  |2 rdamedia 
338 |a volume  |b nc  |2 rdacarrier 
500 |a "Originally published in hardcover in Great Britain by Canongate Books Ltd., London, in 2024." 
520 |a "A love story about outlaws in a community of Irish workers in Montana"--  |c Provided by publisher. 
520 |a "October 1891. A hard winter approaches across the Rocky Mountains. The city of Butte, Montana is rich on copper mines and rampant with vice and debauchery among a hard-living crowd of immigrant Irish workers. Here we find Tom Rourke, a young poet and ballad-maker of the town, but also a doper, a drinker, and a fearsome degenerate. Just as he feels his life is heading nowhere fast, Polly Gillespie arrives in town as the new bride of the extremely devout mine captain Long Anthony Harrington. A thunderbolt love affair takes spark between Tom and Polly and they strike out west on a stolen horse, moving through the badlands of Montana and Idaho, and briefly an idyll of wild romance perfects itself. But a posse of deranged Cornish gunmen are soon in hot pursuit and closing in fast. With everything to lose and the safety and anonymity of San Francisco still a distant speck on their horizon, the choices they make will haunt them for the rest of their lives"--Dust jacket flap. 
650 0 |a Irish  |z Montana  |v Fiction. 
650 0 |a Man-woman relationships  |v Fiction. 
650 0 |a Outlaws  |v Fiction. 
650 0 |a Adultery  |v Fiction. 
651 0 |a Butte (Mont.)  |x History  |y 19th century  |v Fiction. 
650 6 |a Irlandais  |z Montana  |v Romans, nouvelles, etc. 
650 6 |a Relations entre hommes et femmes  |v Romans, nouvelles, etc. 
650 6 |a Hors-la-loi  |v Romans, nouvelles, etc. 
650 7 |a Irish  |2 fast 
651 7 |a Montana  |2 fast  |1 https://id.oclc.org/worldcat/entity/E39PBJjT4kjPVPtC83JjRx4rMP 
655 7 |a Fiction  |2 fast 
655 7 |a Novels  |2 fast 
655 7 |a Romance fiction  |2 fast 
655 7 |a Historical fiction.  |2 lcgft 
655 7 |a Romance fiction.  |2 lcgft 
655 7 |a Western fiction.  |2 lcgft 
655 7 |a Novels.  |2 lcgft 
938 |a Brodart  |b BROD  |n 135480353 
938 |a YBP Library Services  |b YANK  |n 20530260 
029 1 |a AU@  |b 000077331874 
029 1 |a AU@  |b 000074947940 
994 |a Z0  |b TXA 
948 |h NO HOLDINGS IN TXA - 319 OTHER HOLDINGS 
999 f f |s c2af921b-a738-483c-a49f-af7fdfcf95d6  |i 7be18323-1dbf-4006-bcf9-468603af15e8  |t 0 
952 f f |p 30_day  |a Texas A&M University  |b Galveston Campus  |c Jack K. Williams Library  |d Galveston Boat  |t 0  |e PR6102.A7833 H43 2024  |h Library of Congress classification  |i unmediated -- volume  |m A14852723684 
952 f f |p normal  |a Texas A&M University  |b College Station  |c Sterling C. Evans Library  |d Evans: Library Stacks  |t 0  |e PR6102.A7833 H43 2024  |h Library of Congress classification  |i unmediated -- volume  |m A14852177022 
998 f f |a PR6102.A7833 H43 2024  |t 0  |l Evans: Library Stacks 
998 f f |a PR6102.A7833 H43 2024  |t 0  |l Galveston Stacks